| 000 | 00333nam a22001457a 4500 | ||
|---|---|---|---|
| 003 | OSt | ||
| 020 | _a0914845772 | ||
| 040 | _c0 | ||
| 082 |
_222 _a005.446 |
||
| 100 | _aDuncan, ray. | ||
| 245 | _aAdvanced MS-DOS programming / | ||
| 260 |
_aWashington, _bMicrosoft Press, _cc1986. |
||
| 300 |
_axii, 468p. ;i _bill. ; |
||
| 942 |
_2ddc _cIT |
||
| 999 |
_c5419 _d5419 |
||